| 000 | 00414nam a22001577a 4500 | ||
|---|---|---|---|
| 003 | SGT | ||
| 020 | _a9788131234600 | ||
| 082 | _a362.1, GOEL | ||
| 100 | _aGOEL, SONU | ||
| 245 | _aHOSPITAL ADMINISTRATION | ||
| 260 |
_aNEW DELHI _bELSEVIER _c2015 |
||
| 300 | _a463 | ||
| 650 | _aHOSPITAL ADMINISTRATION | ||
| 653 | _aINTRODUCTION TO HOSPITALS, INTRODUCTION TO HEALTH PROMOTING HOSPITALS | ||
| 942 |
_2ddc _cFCM _04 |
||
| 999 |
_c9174 _d9174 |
||